| 000 | 01036naa a22002777a 4500 | ||
|---|---|---|---|
| 001 | BR9511727 | ||
| 003 | BR-BrBNA | ||
| 005 | 20240918181746.0 | ||
| 007 | ta | ||
| 008 | 230509b bl.||||| |||| 00| 0 por d | ||
| 040 |
_aBR-BrBNA _bpor _cBiblioteca Nacional de Agricultura |
||
| 041 | _a(Pt) | ||
| 072 |
_aH10 _b6500 |
||
| 090 | _aH10 BR9511727 | ||
| 100 | 1 | _aMartinho, P.R.R. | |
| 100 | 1 | _aDias, H. de S. | |
| 111 | 1 |
_a1. Simposio de Controle de Pragas da Regiao do Paranapanema _cAssis, SP (Brazil) _d25-27 Oct 1994 |
|
| 245 | 1 | _aA Zenaida auriculata na regiao do medio Vale do Paranapanema | |
| 260 | 3 |
_aSao Paulo, SP (Brasil): _c1994. |
|
| 500 | _a1. Simposio de Controle de Pragas da Regiao do Paranapanema. Anais Sao Paulo, SP (Brasil): 1994. p. 67-70 (BR9511727-AM)H10 | ||
| 650 | _aPombo | ||
| 650 | _aSao Paulo | ||
| 773 | 0 |
_t1. Simposio de Controle de Pragas da Regiao do Paranapanema. Anais _wH10 BR9511727 _gSao Paulo, SP (Brasil), 1994. p. 67-70 |
|
| 909 |
_a202404 _bLucia _c55 _dLucia Elande |
||
| 942 |
_cAM _2AGRIS |
||
| 999 |
_c326700 _d326700 |
||